Moscou - Choix multiples - Statistiques

Statistiques générales
  • Ce quiz a été pris 1 145 fois
  • Le résultat moyen est 7 sur 10
Statistiques - réponses
Question Réponse % Correct
Comment appelle-t-on les habitants de Moscou ? Les Moscovites
97%
Comment s'appelle la place principale de Moscou ? La place Rouge
94%
Quel célèbre bâtiment porte le nom de "Bolchoï" ("grand") ? Un théâtre
80%
Quel roman évoque cet épisode de la prise de Moscou par l'armée napoléonienne ? Guerre et Paix
74%
Sur cette même place, qui est exposé dans un mausolée aujourd'hui encore accessible au public ? Vladimir Ilitch Lénine
72%
Laquelle de ces images représente le Kremlin ?
69%
Quel club de football n'existe pas ? Zenith Moscou
69%
Qu'ont fait les Russes avant l'entrée de Napoléon Ier à Moscou en 1812 ? Ils ont incendié la ville avant de la quitter
67%
En quelle année Moscou a-t-elle accueilli les Jeux olympiques d'été ? 1980
66%
Quelle affirmation sur le métro de Moscou est fausse ? Les rames n'ont pas de portes pour ne pas perdre de temps.
43%
Aucun quiz correspondant
Distribution des résultats
% des personnes avec chaque résultat
Percentile par nombre de réponses
Votre historique - résultats
Vous n’avez pas pris ce quiz